| 000 | 00856 a2200169 4500 | ||
|---|---|---|---|
| 003 | Nust | ||
| 005 | 20230525112803.0 | ||
| 040 | _cNust | ||
| 082 | _a823, FAR | ||
| 100 |
_aFarnol,Jeffry _9112579 |
||
| 245 |
_aEpics of The Fancy _cJeffry Farnol |
||
| 260 |
_aLondon _bSampson low |
||
| 300 | _a310:p | ||
| 505 | _aThe Cesti of the Gladiators of rome (Page-6),John Broughton (Page-22),Richard Humphries (Page-38),Tom Johnson (Page-39),Dutch Sam (Page-55),John Gully(Page-70),Tom Cribb (Page-86), Tom Spring(Page-102),Jem Ward (Page-118),Bendigo (Page-134),Tom Sayers (Page-150),Tom Sayers(Page-166),Jem Mace(Page-182),John L. Sullivan (Page-198),Peter Jackson (Page-214),Bob Fitzsimmons(Page-230),Jem Corbett(Page-246), Charles Mitchell(Page-262), Georges Carpentries (Page-294) Jack Dempsey(Page-295). | ||
| 650 |
_aStory _9100639 |
||
| 942 |
_2ddc _cBK |
||
| 999 |
_c186688 _d186688 |
||